000 00569nam a2200193Ia 4500
003 GCL
008 140319s9999 xx 000 0 ara d
040 _aGCL /
_cGCL
082 0 4 _a928.1
_bم م
100 1 _aمحمد مصطفى
245 1 0 _aمصطفى امين: فكرة لا تموت /
_cمحمد مصطفى
300 _a192 ص
490 _aالهيئة العامة للاستعلامات
_v0
650 0 4 _aالصحافة
650 0 4 _aمصطفى امين
650 0 4 _aالصحافة - مهنة
650 0 4 _aالصحافة - تراجم
942 _2ddc
_cBK
999 _c51001
_d51001